Logo de la biblioteca USCO

Meta-cultura : el eclipse de los medios masivos en la era de la Internet / Alejandro Piscitelli (Record no. 21080)

000 -CABECERA
campo de control de longitud fija 04346nam a22005777a 4500
008 - LONGITUD FIJA
campo de control de longitud fija 140202b ck ||||| |||| 00| 0 spa d
020 ## - INTERNATIONAL STANDARD BOOK NUMBER
ISBN 987-1004-13-3
100 1# - AUTOR PERSONAL
nombre Piscitelli, Alejandro
9 (RLIN) 75130
245 10 - TÍTULO PROPIAMENTE DICHO
título Meta-cultura : el eclipse de los medios masivos en la era de la Internet / Alejandro Piscitelli
264 ## - PIE DE IMPRENTA
lugar (ciudad) Buenos Aires : La Crujía, 2002
300 ## - DESCRIPCIÓN FÍSICA
Extensión 271 p. ; 20 cm.
490 0# - SERIE
serie Categorías, Colección Inclusiones.
9 (RLIN) 95291
505 00 - NOTA DE CONTENIDO
Nota de contenido Prefacio / Néstor García Canclini -- Avant la lettre -- De la razón analítica a la razón sintética. ¿Puede
505 00 - NOTA DE CONTENIDO
Nota de contenido el pensa-miento ser, si no es lineal? -- Sócrates en el laberinto -- La red es la computadora -- Hardware
505 00 - NOTA DE CONTENIDO
Nota de contenido virtual. Rompiendo una nueva discontinuidad -- Enredados. Tele-ciudadanos de las ciberculturas -- De las
505 00 - NOTA DE CONTENIDO
Nota de contenido comunidades textuales a las comunidades electrónicas -- Virtualidad y mundos-redes -- ¿Pragmatismo o
505 00 - NOTA DE CONTENIDO
Nota de contenido convivialidad? -- Clasificar para reinar: cuando la red es la sociedad -- Redes académicas, post-desarrollo y
505 00 - NOTA DE CONTENIDO
Nota de contenido complejidad -- Intelpresas, hiper-redes y estrategias ciberculturales -- El complejo de Frankestein. El
505 00 - NOTA DE CONTENIDO
Nota de contenido impacto de los robots en las imágenes del hombre -- La revolución de los robots -- De homo sapiens a machina
505 00 - NOTA DE CONTENIDO
Nota de contenido sapiens -- La derrota de Víctor Frankenstein -- La razón instrumental y la autonomización de lo artificial --
505 00 - NOTA DE CONTENIDO
Nota de contenido Cuando la máquina es la sociedad -- El tiempo se acaba. Del péndulo a la máquina virtual -- La modernidad fue
505 00 - NOTA DE CONTENIDO
Nota de contenido un reloj de agujas aceitadas -- Las dimensiones crean al mundo -- Los objetos se ponen a hablar --
505 00 - NOTA DE CONTENIDO
Nota de contenido Antropología post-orgánica -- Meta-comunicación -- La edad media, una época muy poco oscura -- Hacer y
505 00 - NOTA DE CONTENIDO
Nota de contenido deshacer la historia -- El estribo, el arado y la domesticación de energía -- Las revoluciones invisibles --
505 00 - NOTA DE CONTENIDO
Nota de contenido Lo imaginario en la evolución social -- Creencias y vida cotidiana -- Del contacto como experimento mental.
505 00 - NOTA DE CONTENIDO
Nota de contenido Introducción a la xenología -- De escépticos, creyentes y oscurantistas -- La cuestión del contacto --
505 00 - NOTA DE CONTENIDO
Nota de contenido Contacto como experimento mental -- Sociología de SETI -- Hacia el control social de la tecnología -- Gregory
505 00 - NOTA DE CONTENIDO
Nota de contenido Bateson: polígrafo -- Un hombre con cualidades -- El largo y sinuoso camino de la síntesis -- El hombre que no
505 00 - NOTA DE CONTENIDO
Nota de contenido gustaba de los detalles -- El retorno de lo mental -- La política de la experiencia -- Terrorismo intelectual
505 00 - NOTA DE CONTENIDO
Nota de contenido y canibalismo simbólico -- ¿Saturación comunicativa o emancipación narrativa? Una inevitable colisión de
505 00 - NOTA DE CONTENIDO
Nota de contenido intereses -- Oralidad, imprenta y disciplinamiento -- ¿Alpargatas (MTV) sí, libros no? -- Crónica TV y los
505 00 - NOTA DE CONTENIDO
Nota de contenido usos de la neo-televisión -- La televisión dejó de ser un medio masivo -- Media culpa. La competencia
505 00 - NOTA DE CONTENIDO
Nota de contenido argumentativa universalizante se va al tacho pero la razón aún no lo sabe -- Gelassenheit, habladurías y una
505 00 - NOTA DE CONTENIDO
Nota de contenido economía moral que no es la nuestra -- ¿Saturación comunicativa o emancipación narrativa? -- Una inevitable
505 00 - NOTA DE CONTENIDO
Nota de contenido colisión de intereses -- El lenguaje puede decir la verdad porque primariamente sirve para mentir -- Los
505 00 - NOTA DE CONTENIDO
Nota de contenido inmateriales y la resensibilización desestabilizadora -- Pensamiento que divide, silencio que reúne.
520 ## - RESUMEN
Resumen Los ensayos aquí contenidos buscan conexiones inesperadas entre la complejidad tecnológica, la intoxicación
520 ## - RESUMEN
Resumen comunicacional y la diversidad cultural. Nuestra guía es la seductora oferta hecha por Gregory Bateson (de
520 ## - RESUMEN
Resumen descubrir la pauta que conecta al cangrejo con la langosta, a la orquídea con la anémona y los cuatro
520 ## - RESUMEN
Resumen conmigo, y contigo, y a los seis con la ameba en un extremo y con el esquizofrénico que está en el
520 ## - RESUMEN
Resumen psiquiátrico, en el otro) que trataremos de extender a ámbitos más cercanos a nosotros en el tiempo y el
520 ## - RESUMEN
Resumen espacio.
521 ## - NOTA DE PÚBLICO DESTINATARIO
nota 1 ej.
590 ## - NOTA LOCAL (RLIN)
Nota local Bibliografía p. 227-271.
082 04 - CLASIFICACIÓN DECIMAL DEWEY
Clasificación 302.23 / P99m
650 14 - MATERIA GENERAL
Término de materia o nombre geográfico como elemento inicial Cultura
9 (RLIN) 105542
650 14 - MATERIA GENERAL
Término de materia o nombre geográfico como elemento inicial Ciberculturas
9 (RLIN) 103006
650 14 - MATERIA GENERAL
Término de materia o nombre geográfico como elemento inicial Comunicacion
9 (RLIN) 104034
650 14 - MATERIA GENERAL
Término de materia o nombre geográfico como elemento inicial Internet
9 (RLIN) 113805
650 14 - MATERIA GENERAL
Término de materia o nombre geográfico como elemento inicial Fondo ciencias sociales
9 (RLIN) 110921

No items available.

Powered by Koha